000 00573nam a2200205Ia 4500
001 12442
003 GE_BSU
008 181216s||||||||xx |||||||||||||| ||und||
040 _cGE_BSU
080 _a633.11
100 _aНаскидашвили,П.П.
245 _aМежвидовая гибридизация пшеницы
245 _cРед.Т.В.Островская
260 _aМосква
260 _bКолос
260 _c1984
300 _a256стр.20см.
653 _aМежвидовая гибридизация пшеницы
942 _cBK
999 _c45616
_d45616